Statistiques concernant Culture Générale - Série 1075

Cliquez ici pour prendre le quiz!

Statistiques générales

  • Ce quiz a été pris 44 fois
  • Le résultat moyen est 7 sur 10

Statistiques - réponses

QuestionRéponse% Correct
Dans un film de 1997, à la proue de quel paquebot, Leonardo DiCaprio s'est-il écrié : "Je suis le roi du monde" ?Titanic
95%
De quelle couleur sont des cheveux d'ébène ?noirs
95%
Quel oiseau chantant a donné son nom aux pendules, dont les heures sont marquées par l'apparition de ce volatile ?coucou
93%
En astronomie, quel astre est le centre de l'Univers dans la théorie de l'héliocentrisme ?soleil
93%
Que désigne la lettre "S", de l'acronyme S.A.M.U. ?Service
84%
Quelle troupe, fondée au début des années 1970, réunissait entre autres Gérard Jugnot, Michel Blanc et Josiane Balasko ?La troupe du Splendid
74%
Dans le film documentaire "Le Monde du silence" de 1955, quel est le nom du bateau du commandant Cousteau ?La Calypso
58%
Quel mot anglais désigne à la fois une camionnette à plateau découvert et un tourne-disque des années 1960 ?pick-up
42%
Quelle héroïne de mangas a été élevée à la maison Pony ?Candy
19%
En 1835, de quel roman de Balzac, Henriette de Mortsauf est-elle l'héroïne ?Le Lys dans la vallée
16%

Distribution des résultats

Percentile par nombre de réponses

% des personnes avec chaque résultat

Votre développement - résultats

Vous n’avez pas pris ce quiz